| 000 | 01346ngm a22003730a 4500 | ||
|---|---|---|---|
| 001 | PT44533 | ||
| 003 | AR-LpoUNG | ||
| 005 | 20210201235946.0 | ||
| 007 | vd cvaizq | ||
| 008 | 191001s1991||||xxk|||||||||||||||||eng d | ||
| 040 |
_aAR-LpoUNG _bspa _cAR-LpoUNG _eaacr |
||
| 041 | _aeng | ||
| 044 | _axxk | ||
| 082 | 0 | _a305.544 947fes | |
| 100 | 1 |
_aCronenberg, David _edir. |
|
| 245 | 1 | 0 | _aFestín desnudo |
| 260 |
_aLondres : _bSony Pictures, _c1991. |
||
| 300 | _aDVD (115 min.) : son., col. | ||
| 505 | 0 | _aElenco: Roy Scheider, Peter Weller, Judy Davis, Nicholas Campbell, Julian Sands, Ian Holm | |
| 520 | _aWilliam Lee, después del trágico accidente en el que mata a su mujer, comienza a tener horribles alucinaciones, consecuencia de unas drogas que lo llevan a una seria adicción. En sus alucinaciones como escritor, es transportado a un mundo totalmente surrealista llamado "Interzona". Allí se encuentra con una serie de personajes que conforman una compleja trama conspirativa. | ||
| 650 | 4 | _aDRAMA | |
| 650 | 4 | _aMUERTE | |
| 650 | 4 | _aRELACIONES HUMANAS | |
| 650 | 4 | _aVIOLENCIA | |
| 651 | 4 | _aDOCUMENTOS TEORICOS O METODOLOGICOS | |
| 653 | _aCIENCIA FICCION | ||
| 653 | _aCINE | ||
| 653 | _aCINE INGLES | ||
| 653 | _aSURREALISMO | ||
| 653 | _aSUSPENSO | ||
| 653 | _aVIDEOS | ||
| 905 | _a44533 | ||
| 942 | _cDVD | ||
| 999 |
_c53857 _d53857 |
||